|
|
|
|
| LEADER |
01049nab a2200301 i 4500 |
| 001 |
publ35997 |
| 005 |
20250213103124.0 |
| 008 |
250213s2025 hu o 000 eng d |
| 022 |
|
|
|a 0344-0338
|
| 024 |
7 |
|
|a 10.1016/j.prp.2024.155732
|2 doi
|
| 024 |
7 |
|
|a 35591528
|2 mtmt
|
| 040 |
|
|
|a SZTE Publicatio Repozitórium
|b hun
|
| 041 |
|
|
|a eng
|
| 100 |
1 |
|
|a Zombori Tamás
|
| 245 |
1 |
4 |
|a The prognostic value of histological grade determined after neoadjuvant chemotherapy of breast cancer
|h [elektronikus dokumentum] /
|c Zombori Tamás
|
| 260 |
|
|
|c 2025
|
| 300 |
|
|
|a 7
|
| 490 |
0 |
|
|a PATHOLOGY RESEARCH AND PRACTICE
|v 265
|
| 650 |
|
4 |
|a Általános orvostudomány
|
| 700 |
0 |
1 |
|a Ferenczi Ádám
|e aut
|
| 700 |
0 |
1 |
|a Sejben Anita
|e aut
|
| 700 |
0 |
1 |
|a Almási Szintia
|e aut
|
| 700 |
0 |
1 |
|a Szelestei Veronika
|e aut
|
| 700 |
0 |
1 |
|a Kószó Renáta Lilla
|e aut
|
| 700 |
0 |
1 |
|a Lantos Tamás
|e aut
|
| 700 |
0 |
1 |
|a Kahán Zsuzsanna
|e aut
|
| 700 |
0 |
1 |
|a Cserni Gábor
|e aut
|
| 856 |
4 |
0 |
|u http://publicatio.bibl.u-szeged.hu/35997/1/1-s2.0-S0344033824006435-main.pdf
|z Dokumentum-elérés
|